000 00323 a2200145 4500
001 178515
020 _a
040 _cMagnum
100 _aRachel
240 1 0 _aAdivinhe o que estou fazendo
_lSEM
245 1 0 _aAdivinhe o que estou fazendo
362 0 _a1899
697 _aMAGNITO: MAGNITO SEM ÁREA E AS
942 _cBK
999 _c178515
_d178515